[Event "April 9 Late 2024"]
[Site "Chess.com"]
[Date "2024.04.09"]
[Round "8"]
[White "Shah Dev"]
[Black "Kadric, Denis"]
[Result "0-1"]
[Board "29"]
[WhiteFideId "35019058"]
[BlackFideId "14403803"]
[WhiteTitle "CM"]
[BlackTitle "GM"]
[WhiteElo "2537"]
[BlackElo "2837"]
[WhiteTeam "IND"]
[BlackTeam "MNE"]
[WhiteClock "0:00:00"]
[BlackClock "0:00:23"]
[Variant "Standard"]

1. d4 {[%clk 0:03:00]}  d6 {[%clk 0:02:54]} 2. g3 {[%clk 0:03:00]}  e5 {[%clk 0:02:53]} 3. dxe5 {[%clk 0:02:59]}  dxe5 {[%clk 0:02:54]} 4. Qxd8+ {[%clk 0:02:59]}  Kxd8 {[%clk 0:02:55]} 5. Nc3 {[%clk 0:02:58]}  c6 {[%clk 0:02:54]} 6. f4 {[%clk 0:02:54]}  Bb4 {[%clk 0:02:48]} 7. Bd2 {[%clk 0:02:53]}  Nd7 {[%clk 0:02:46]} 8. O-O-O {[%clk 0:02:50]}  Ne7 {[%clk 0:02:45]} 9. Nf3 {[%clk 0:02:29]}  exf4 {[%clk 0:02:43]} 10. gxf4 {[%clk 0:02:28]}  f6 {[%clk 0:02:41]} 11. e4 {[%clk 0:02:27]}  Ke8 {[%clk 0:02:37]} 12. a3 {[%clk 0:02:15]}  Ba5 {[%clk 0:02:35]} 13. e5 {[%clk 0:02:07]}  f5 {[%clk 0:02:31]} 14. b4 {[%clk 0:02:01]}  Bb6 {[%clk 0:02:29]} 15. Bc4 {[%clk 0:01:58]}  Nf8 {[%clk 0:02:29]} 16. Ng5 {[%clk 0:01:51]}  h6 {[%clk 0:02:16]} 17. Nf7 {[%clk 0:01:41]}  Rh7 {[%clk 0:02:14]} 18. Nd6+ {[%clk 0:01:32]}  Kd8 {[%clk 0:02:14]} 19. Na4 {[%clk 0:01:11]}  Kc7 {[%clk 0:02:14]} 20. Bc3 {[%clk 0:00:56]}  Be6 {[%clk 0:02:09]} 21. Nc5 {[%clk 0:00:50]}  Bxc5 {[%clk 0:02:01]} 22. bxc5 {[%clk 0:00:49]}  Bxc4 {[%clk 0:02:02]} 23. Nxc4 {[%clk 0:00:47]}  Nd5 {[%clk 0:02:03]} 24. Ba5+ {[%clk 0:00:37]}  b6 {[%clk 0:02:03]} 25. cxb6+ {[%clk 0:00:34]}  axb6 {[%clk 0:02:04]} 26. Bb4 {[%clk 0:00:34]}  Ne6 {[%clk 0:01:54]} 27. Nd6 {[%clk 0:00:25]}  g6 {[%clk 0:01:45]} 28. Nb5+ {[%clk 0:00:18]}  Kb7 {[%clk 0:01:36]} 29. Nd6+ {[%clk 0:00:18]}  Kb8 {[%clk 0:01:35]} 30. Rhg1 {[%clk 0:00:14]}  Nexf4 {[%clk 0:01:32]} 31. Kb2 {[%clk 0:00:12]}  Kc7 {[%clk 0:00:59]} 32. Bd2 {[%clk 0:00:08]}  Re7 {[%clk 0:00:51]} 33. Bxf4 {[%clk 0:00:05]}  Nxf4 {[%clk 0:00:52]} 34. Rdf1 {[%clk 0:00:05]}  Ra4 {[%clk 0:00:43]} 35. h4 {[%clk 0:00:01]}  Rxe5 {[%clk 0:00:40]} 36. h5 {[%clk 0:00:02]}  Kxd6 {[%clk 0:00:32]} 37. hxg6 {[%clk 0:00:02]}  Re8 {[%clk 0:00:29]} 38. g7 {[%clk 0:00:01]}  Rg8 {[%clk 0:00:30]} 39. Rd1+ {[%clk 0:00:01]}  Ke7 {[%clk 0:00:24]} 40. Kb3 {[%clk 0:00:00]}  Re4 {[%clk 0:00:23]} 0-1

[Event "April 9 Late 2024"]
[Site "Chess.com"]
[Date "2024.04.09"]
[Round "8"]
[White "Adewumi, Tanitoluwa"]
[Black "Suder, Jakub"]
[Result "0-1"]
[Board "35"]
[WhiteFideId "30966396"]
[BlackFideId "1195310"]
[WhiteTitle "FM"]
[BlackTitle "FM"]
[WhiteElo "2773"]
[BlackElo "2644"]
[WhiteTeam "USA"]
[BlackTeam "POL"]
[WhiteClock "0:00:00"]
[BlackClock "0:00:41"]
[Variant "Standard"]

1. Nf3 {[%clk 0:02:45]}  d5 {[%clk 0:02:59]} 2. d4 {[%clk 0:02:44]}  Nf6 {[%clk 0:02:59]} 3. g3 {[%clk 0:02:40]}  e6 {[%clk 0:02:57]} 4. Bg2 {[%clk 0:02:39]}  Be7 {[%clk 0:02:58]} 5. O-O {[%clk 0:02:39]}  O-O {[%clk 0:02:59]} 6. c4 {[%clk 0:02:36]}  dxc4 {[%clk 0:03:00]} 7. Na3 {[%clk 0:02:35]}  Bxa3 {[%clk 0:02:59]} 8. bxa3 {[%clk 0:02:36]}  Bd7 {[%clk 0:02:59]} 9. Ne5 {[%clk 0:02:33]}  Bc6 {[%clk 0:02:54]} 10. Nxc6 {[%clk 0:02:30]}  Nxc6 {[%clk 0:02:53]} 11. e3 {[%clk 0:02:27]}  Nd5 {[%clk 0:02:42]} 12. Qc2 {[%clk 0:02:25]}  Nb6 {[%clk 0:02:41]} 13. Rb1 {[%clk 0:02:10]}  Qd6 {[%clk 0:02:34]} 14. a4 {[%clk 0:01:52]}  a5 {[%clk 0:02:34]} 15. Rb5 {[%clk 0:01:46]}  Nb4 {[%clk 0:02:17]} 16. Qe2 {[%clk 0:01:23]}  N4d5 {[%clk 0:02:07]} 17. Qc2 {[%clk 0:01:03]}  Rfd8 {[%clk 0:01:54]} 18. Rc5 {[%clk 0:00:55]}  Nb4 {[%clk 0:01:39]} 19. Qe2 {[%clk 0:00:35]}  Nxa4 {[%clk 0:01:26]} 20. Rxc4 {[%clk 0:00:32]}  Qa6 {[%clk 0:01:27]} 21. Re1 {[%clk 0:00:26]}  c6 {[%clk 0:01:26]} 22. a3 {[%clk 0:00:25]}  Nd5 {[%clk 0:01:20]} 23. Bxd5 {[%clk 0:00:16]}  Nb6 {[%clk 0:01:20]} 24. Bxe6 {[%clk 0:00:06]}  fxe6 {[%clk 0:01:19]} 25. Rc5 {[%clk 0:00:04]}  Qxe2 {[%clk 0:01:13]} 26. Rxe2 {[%clk 0:00:05]}  Nd7 {[%clk 0:01:10]} 27. Rc3 {[%clk 0:00:04]}  Kf7 {[%clk 0:01:09]} 28. Rb2 {[%clk 0:00:04]}  Rdb8 {[%clk 0:00:59]} 29. f3 {[%clk 0:00:04]}  Ra6 {[%clk 0:00:53]} 30. e4 {[%clk 0:00:03]}  b5 {[%clk 0:00:53]} 31. Bf4 {[%clk 0:00:03]}  e5 {[%clk 0:00:52]} 32. dxe5 {[%clk 0:00:03]}  Rc8 {[%clk 0:00:48]} 33. e6+ {[%clk 0:00:02]}  Kxe6 {[%clk 0:00:48]} 34. Rxb5 {[%clk 0:00:02]}  cxb5 {[%clk 0:00:47]} 35. Rxc8 {[%clk 0:00:03]}  b4 {[%clk 0:00:47]} 36. axb4 {[%clk 0:00:04]}  axb4 {[%clk 0:00:48]} 37. Re8+ {[%clk 0:00:03]}  Kf7 {[%clk 0:00:48]} 38. Rd8 {[%clk 0:00:04]}  Ke6 {[%clk 0:00:45]} 39. Re8+ {[%clk 0:00:04]}  Kf7 {[%clk 0:00:45]} 40. Rd8 {[%clk 0:00:04]}  Ke7 {[%clk 0:00:40]} 41. Bg5+ {[%clk 0:00:04]}  Kd6 {[%clk 0:00:41]} 42. e5+ {[%clk 0:00:03]}  Kc7 {[%clk 0:00:40]} 43. Re8 {[%clk 0:00:01]}  b3 {[%clk 0:00:41]} 44. e6 {[%clk 0:00:00]}  Ra1+ {[%clk 0:00:41]} 0-1

[Event "April 9 Late 2024"]
[Site "Chess.com"]
[Date "2024.04.09"]
[Round "8"]
[White "Gavrilin, Roman"]
[Black "Vovk, Orest"]
[Result "1-0"]
[Board "40"]
[WhiteFideId "54104564"]
[BlackFideId "14113490"]
[BlackTitle "FM"]
[WhiteElo "2687"]
[BlackElo "2566"]
[WhiteTeam "CAN"]
[BlackTeam "UKR"]
[WhiteClock "0:00:18"]
[BlackClock "0:00:04"]
[Variant "Standard"]

1. e4 {[%clk 0:02:54]}  g5 {[%clk 0:02:52]} 2. d4 {[%clk 0:02:51]}  g4 {[%clk 0:02:51]} 3. Bc4 {[%clk 0:02:51]}  Bg7 {[%clk 0:02:44]} 4. Nc3 {[%clk 0:02:50]}  c5 {[%clk 0:02:39]} 5. Be3 {[%clk 0:02:48]}  h5 {[%clk 0:02:34]} 6. Nge2 {[%clk 0:02:46]}  Nc6 {[%clk 0:02:26]} 7. dxc5 {[%clk 0:02:39]}  Qa5 {[%clk 0:02:21]} 8. a3 {[%clk 0:02:36]}  Nf6 {[%clk 0:02:17]} 9. b4 {[%clk 0:02:31]}  Qc7 {[%clk 0:02:13]} 10. O-O {[%clk 0:02:13]}  Bh6 {[%clk 0:02:07]} 11. Nd5 {[%clk 0:02:01]}  Qe5 {[%clk 0:01:58]} 12. b5 {[%clk 0:01:40]}  Bxe3 {[%clk 0:01:29]} 13. fxe3 {[%clk 0:00:50]}  Nxe4 {[%clk 0:01:26]} 14. bxc6 {[%clk 0:00:44]}  bxc6 {[%clk 0:01:15]} 15. Qd4 {[%clk 0:00:37]}  Qxd4 {[%clk 0:01:11]} 16. Nxd4 {[%clk 0:00:35]}  cxd5 {[%clk 0:01:10]} 17. Bxd5 {[%clk 0:00:35]}  Rb8 {[%clk 0:00:50]} 18. Bxe4 {[%clk 0:00:34]}  Ba6 {[%clk 0:00:50]} 19. Rfb1 {[%clk 0:00:33]}  O-O {[%clk 0:00:45]} 20. Nf5 {[%clk 0:00:30]}  e6 {[%clk 0:00:37]} 21. Nd6 {[%clk 0:00:30]}  f5 {[%clk 0:00:24]} 22. Bd3 {[%clk 0:00:28]}  Bxd3 {[%clk 0:00:25]} 23. cxd3 {[%clk 0:00:29]}  Kg7 {[%clk 0:00:25]} 24. g3 {[%clk 0:00:27]}  Kf6 {[%clk 0:00:25]} 25. d4 {[%clk 0:00:24]}  a5 {[%clk 0:00:22]} 26. a4 {[%clk 0:00:23]}  h4 {[%clk 0:00:18]} 27. Rb5 {[%clk 0:00:23]}  Ra8 {[%clk 0:00:18]} 28. Rb7 {[%clk 0:00:17]}  hxg3 {[%clk 0:00:14]} 29. hxg3 {[%clk 0:00:17]}  Rad8 {[%clk 0:00:14]} 30. Kg2 {[%clk 0:00:16]}  Rh8 {[%clk 0:00:14]} 31. Rh1 {[%clk 0:00:17]}  Rxh1 {[%clk 0:00:12]} 32. Kxh1 {[%clk 0:00:18]}  e5 {[%clk 0:00:12]} 33. d5 {[%clk 0:00:18]}  f4 {[%clk 0:00:11]} 34. gxf4 {[%clk 0:00:17]}  exf4 {[%clk 0:00:10]} 35. exf4 {[%clk 0:00:18]}  Ke7 {[%clk 0:00:04]} 36. Kg2 {[%clk 0:00:18]} 1-0

[Event "April 9 Late 2024"]
[Site "Chess.com"]
[Date "2024.04.09"]
[Round "8"]
[White "Svane, Rasmus"]
[Black "Ambartsumova, Karina"]
[Result "1-0"]
[Board "45"]
[WhiteFideId "4657101"]
[BlackFideId "4166299"]
[WhiteTitle "GM"]
[BlackTitle "IM"]
[WhiteElo "2876"]
[BlackElo "2607"]
[WhiteTeam "GER"]
[BlackTeam "RUS"]
[WhiteClock "0:00:45"]
[BlackClock "0:00:02"]
[Variant "Standard"]

1. c4 {[%clk 0:02:54]}  e6 {[%clk 0:02:59]} 2. Nf3 {[%clk 0:02:52]}  Nf6 {[%clk 0:02:59]} 3. b3 {[%clk 0:02:52]}  d5 {[%clk 0:02:57]} 4. Bb2 {[%clk 0:02:52]}  Be7 {[%clk 0:02:57]} 5. g3 {[%clk 0:02:49]}  b6 {[%clk 0:02:57]} 6. Bg2 {[%clk 0:02:49]}  Bb7 {[%clk 0:02:58]} 7. O-O {[%clk 0:02:49]}  Nbd7 {[%clk 0:02:58]} 8. d4 {[%clk 0:02:48]}  dxc4 {[%clk 0:02:49]} 9. bxc4 {[%clk 0:02:48]}  c5 {[%clk 0:02:50]} 10. d5 {[%clk 0:02:46]}  exd5 {[%clk 0:02:39]} 11. Nh4 {[%clk 0:02:45]}  O-O {[%clk 0:02:26]} 12. cxd5 {[%clk 0:02:44]}  Ne8 {[%clk 0:02:23]} 13. Nf5 {[%clk 0:02:01]}  Bf6 {[%clk 0:02:20]} 14. Nc3 {[%clk 0:02:01]}  b5 {[%clk 0:02:02]} 15. Qd2 {[%clk 0:01:58]}  Nb6 {[%clk 0:01:59]} 16. Ne3 {[%clk 0:01:40]}  b4 {[%clk 0:01:53]} 17. Ne4 {[%clk 0:01:37]}  Bxb2 {[%clk 0:01:37]} 18. Qxb2 {[%clk 0:01:38]}  Rc8 {[%clk 0:01:10]} 19. Rac1 {[%clk 0:01:38]}  Qe7 {[%clk 0:00:33]} 20. Nf5 {[%clk 0:01:24]}  Qd7 {[%clk 0:00:33]} 21. Nxg7 {[%clk 0:01:15]}  Nxd5 {[%clk 0:00:14]} 22. Nxe8 {[%clk 0:01:06]}  Rcxe8 {[%clk 0:00:15]} 23. Nxc5 {[%clk 0:01:01]}  Qb5 {[%clk 0:00:13]} 24. Nxb7 {[%clk 0:01:00]}  Qxb7 {[%clk 0:00:10]} 25. Rc5 {[%clk 0:00:49]}  Rd8 {[%clk 0:00:07]} 26. Qd2 {[%clk 0:00:44]}  Nb6 {[%clk 0:00:02]} 27. Qg5+ {[%clk 0:00:43]}  Kh8 {[%clk 0:00:02]} 28. Qf6+ {[%clk 0:00:44]}  Kg8 {[%clk 0:00:02]} 29. Rg5# {[%clk 0:00:45]} 1-0

[Event "April 9 Late 2024"]
[Site "Chess.com"]
[Date "2024.04.09"]
[Round "8"]
[White "Weetik, Vjacheslav"]
[Black "Gokhale Rishabh Chandrashekhar"]
[Result "0-1"]
[Board "49"]
[WhiteFideId "4153472"]
[BlackFideId "35007416"]
[WhiteTitle "FM"]
[WhiteElo "2777"]
[BlackElo "2588"]
[WhiteTeam "RUS"]
[BlackTeam "IND"]
[WhiteClock "0:00:02"]
[BlackClock "0:00:08"]
[Variant "Standard"]

1. d4 {[%clk 0:02:59]}  Nf6 {[%clk 0:02:58]} 2. Nf3 {[%clk 0:02:59]}  b5 {[%clk 0:02:57]} 3. Bg5 {[%clk 0:02:56]}  e6 {[%clk 0:02:55]} 4. e4 {[%clk 0:02:55]}  b4 {[%clk 0:02:51]} 5. e5 {[%clk 0:02:48]}  h6 {[%clk 0:02:50]} 6. Bh4 {[%clk 0:02:47]}  g5 {[%clk 0:02:50]} 7. Nxg5 {[%clk 0:02:44]}  hxg5 {[%clk 0:02:49]} 8. Bxg5 {[%clk 0:02:44]}  Be7 {[%clk 0:02:49]} 9. exf6 {[%clk 0:02:41]}  Bxf6 {[%clk 0:02:50]} 10. Be3 {[%clk 0:02:24]}  Bb7 {[%clk 0:02:36]} 11. Nd2 {[%clk 0:02:21]}  Bg5 {[%clk 0:02:29]} 12. Qg4 {[%clk 0:02:14]}  Bxe3 {[%clk 0:02:13]} 13. fxe3 {[%clk 0:02:15]}  Qf6 {[%clk 0:02:11]} 14. O-O-O {[%clk 0:02:00]}  d6 {[%clk 0:01:50]} 15. Bb5+ {[%clk 0:01:52]}  c6 {[%clk 0:01:43]} 16. Bd3 {[%clk 0:01:43]}  Nd7 {[%clk 0:01:36]} 17. Rdf1 {[%clk 0:01:34]}  Qe7 {[%clk 0:01:34]} 18. Qg7 {[%clk 0:01:30]}  Rf8 {[%clk 0:01:32]} 19. h4 {[%clk 0:01:22]}  f5 {[%clk 0:01:31]} 20. Qg3 {[%clk 0:01:17]}  O-O-O {[%clk 0:01:24]} 21. Nc4 {[%clk 0:01:17]}  Nf6 {[%clk 0:01:24]} 22. h5 {[%clk 0:01:11]}  Rg8 {[%clk 0:01:22]} 23. Qe1 {[%clk 0:01:01]}  c5 {[%clk 0:01:08]} 24. dxc5 {[%clk 0:00:56]}  dxc5 {[%clk 0:01:08]} 25. Rf4 {[%clk 0:00:34]}  Rxg2 {[%clk 0:01:05]} 26. h6 {[%clk 0:00:34]}  Ng4 {[%clk 0:00:44]} 27. h7 {[%clk 0:00:30]}  Rh8 {[%clk 0:00:44]} 28. b3 {[%clk 0:00:12]}  Rxh7 {[%clk 0:00:44]} 29. Nd6+ {[%clk 0:00:09]}  Kb8 {[%clk 0:00:20]} 30. Nxb7 {[%clk 0:00:09]}  Qf6 {[%clk 0:00:14]} 31. Kb1 {[%clk 0:00:04]}  Rxb7 {[%clk 0:00:11]} 32. e4 {[%clk 0:00:02]}  Qe5 {[%clk 0:00:10]} 33. Rxg4 {[%clk 0:00:02]}  Rxg4 {[%clk 0:00:09]} 34. a4 {[%clk 0:00:02]}  bxa3 {[%clk 0:00:09]} 35. c3 {[%clk 0:00:02]}  a2+ {[%clk 0:00:09]} 36. Kxa2 {[%clk 0:00:03]}  Rg2+ {[%clk 0:00:10]} 37. Ka3 {[%clk 0:00:02]}  c4 {[%clk 0:00:10]} 38. Rh8+ {[%clk 0:00:01]}  Qxh8 {[%clk 0:00:10]} 39. Bxc4 {[%clk 0:00:01]}  Qf8+ {[%clk 0:00:10]} 40. b4 {[%clk 0:00:02]}  Qd6 {[%clk 0:00:10]} 41. e5 {[%clk 0:00:02]}  Qd2 {[%clk 0:00:09]} 42. Qh4 {[%clk 0:00:01]}  Qb2+ {[%clk 0:00:09]} 43. Ka4 {[%clk 0:00:02]}  Qa1+ {[%clk 0:00:08]} 44. Kb3 {[%clk 0:00:02]}  Qa2# {[%clk 0:00:08]} 0-1

[Event "April 9 Late 2024"]
[Site "Chess.com"]
[Date "2024.04.09"]
[Round "8"]
[White "Tigran Mukhutdinov"]
[Black "Badacsonyi, Stanley"]
[Result "1/2-1/2"]
[Board "52"]
[WhiteFideId "34108570"]
[BlackFideId "486973"]
[WhiteTitle "FM"]
[BlackTitle "CM"]
[WhiteElo "2691"]
[BlackElo "2583"]
[WhiteTeam "RUS"]
[BlackTeam "ENG"]
[WhiteClock "0:01:23"]
[BlackClock "0:02:03"]
[Variant "Standard"]

1. e4 {[%clk 0:03:00]}  e6 {[%clk 0:02:59]} 2. d4 {[%clk 0:03:00]}  d5 {[%clk 0:03:00]} 3. Bd3 {[%clk 0:03:01]}  dxe4 {[%clk 0:02:58]} 4. Bxe4 {[%clk 0:03:02]}  Nf6 {[%clk 0:02:58]} 5. Bf3 {[%clk 0:03:03]}  c5 {[%clk 0:02:59]} 6. Ne2 {[%clk 0:03:03]}  Nc6 {[%clk 0:03:00]} 7. Be3 {[%clk 0:03:04]}  cxd4 {[%clk 0:02:58]} 8. Nxd4 {[%clk 0:03:05]}  Bd7 {[%clk 0:02:59]} 9. O-O {[%clk 0:03:00]}  Be7 {[%clk 0:02:59]} 10. c4 {[%clk 0:02:59]}  O-O {[%clk 0:02:58]} 11. Nc3 {[%clk 0:02:58]}  Qc8 {[%clk 0:02:57]} 12. Nxc6 {[%clk 0:02:56]}  Bxc6 {[%clk 0:02:57]} 13. Bxc6 {[%clk 0:02:56]}  Qxc6 {[%clk 0:02:57]} 14. b3 {[%clk 0:02:56]}  Rfd8 {[%clk 0:02:57]} 15. Qe2 {[%clk 0:02:56]}  Ne4 {[%clk 0:02:56]} 16. Nxe4 {[%clk 0:02:45]}  Qxe4 {[%clk 0:02:57]} 17. Rad1 {[%clk 0:02:45]}  a6 {[%clk 0:02:53]} 18. Rxd8+ {[%clk 0:02:33]}  Rxd8 {[%clk 0:02:52]} 19. Rd1 {[%clk 0:02:33]}  Rxd1+ {[%clk 0:02:49]} 20. Qxd1 {[%clk 0:02:34]}  Qc6 {[%clk 0:02:49]} 21. h3 {[%clk 0:02:32]}  f6 {[%clk 0:02:48]} 22. Qd3 {[%clk 0:02:30]}  g6 {[%clk 0:02:48]} 23. Bd2 {[%clk 0:02:24]}  e5 {[%clk 0:02:47]} 24. b4 {[%clk 0:02:22]}  Kf7 {[%clk 0:02:46]} 25. a3 {[%clk 0:02:22]}  f5 {[%clk 0:02:44]} 26. f3 {[%clk 0:02:22]}  Qe6 {[%clk 0:02:44]} 27. Bc3 {[%clk 0:02:18]}  Bf6 {[%clk 0:02:40]} 28. Qe2 {[%clk 0:02:08]}  Qb6+ {[%clk 0:02:31]} 29. c5 {[%clk 0:02:07]}  Qe6 {[%clk 0:02:31]} 30. Qb2 {[%clk 0:02:02]}  Qd5 {[%clk 0:02:27]} 31. f4 {[%clk 0:01:56]}  Bh4 {[%clk 0:02:10]} 32. Bxe5 {[%clk 0:01:46]}  Be7 {[%clk 0:02:10]} 33. Bh8 {[%clk 0:01:40]}  Qd3 {[%clk 0:02:06]} 34. Qg7+ {[%clk 0:01:33]}  Ke6 {[%clk 0:02:06]} 35. Qxh7 {[%clk 0:01:30]}  Qe3+ {[%clk 0:02:06]} 36. Kh1 {[%clk 0:01:28]}  Qc1+ {[%clk 0:02:05]} 37. Kh2 {[%clk 0:01:27]}  Qxf4+ {[%clk 0:02:06]} 38. Kh1 {[%clk 0:01:27]}  Qf1+ {[%clk 0:02:05]} 39. Kh2 {[%clk 0:01:28]}  Qf4+ {[%clk 0:02:05]} 40. Kh1 {[%clk 0:01:22]}  Qc1+ {[%clk 0:02:03]} 41. Kh2 {[%clk 0:01:23]}  Qf4+ {[%clk 0:02:03]} 1/2-1/2

[Event "April 9 Late 2024"]
[Site "Chess.com"]
[Date "2024.04.09"]
[Round "8"]
[White "Mullodzhanov, Nathaniel"]
[Black "Mirzoev, Azer"]
[Result "0-1"]
[Board "54"]
[WhiteFideId "30961580"]
[BlackFideId "13400304"]
[BlackTitle "GM"]
[WhiteElo "2556"]
[BlackElo "2679"]
[WhiteTeam "USA"]
[BlackTeam "AZE"]
[WhiteClock "0:00:07"]
[BlackClock "0:00:09"]
[Variant "Standard"]

1. e4 {[%clk 0:03:00]}  c6 {[%clk 0:03:00]} 2. Nf3 {[%clk 0:03:00]}  d5 {[%clk 0:03:01]} 3. Nc3 {[%clk 0:03:00]}  Nf6 {[%clk 0:02:59]} 4. e5 {[%clk 0:02:59]}  Ne4 {[%clk 0:02:59]} 5. Nxe4 {[%clk 0:02:52]}  dxe4 {[%clk 0:02:59]} 6. Ng5 {[%clk 0:02:52]}  Qd5 {[%clk 0:02:57]} 7. d4 {[%clk 0:02:49]}  exd3 {[%clk 0:02:56]} 8. Qxd3 {[%clk 0:02:45]}  Qxe5+ {[%clk 0:02:53]} 9. Be2 {[%clk 0:02:45]}  Qd6 {[%clk 0:02:43]} 10. Qf3 {[%clk 0:02:41]}  Qf6 {[%clk 0:02:41]} 11. Qb3 {[%clk 0:02:36]}  h6 {[%clk 0:02:40]} 12. Ne4 {[%clk 0:02:34]}  Qe6 {[%clk 0:02:37]} 13. Qd3 {[%clk 0:02:21]}  Qd5 {[%clk 0:02:36]} 14. Qe3 {[%clk 0:02:01]}  Bf5 {[%clk 0:02:33]} 15. Bf3 {[%clk 0:01:57]}  Qd8 {[%clk 0:01:54]} 16. O-O {[%clk 0:01:54]}  e6 {[%clk 0:01:54]} 17. Bd2 {[%clk 0:01:46]}  Be7 {[%clk 0:01:49]} 18. Rad1 {[%clk 0:01:43]}  O-O {[%clk 0:01:44]} 19. Bc3 {[%clk 0:01:38]}  Qc7 {[%clk 0:01:43]} 20. Qd4 {[%clk 0:01:35]}  f6 {[%clk 0:01:40]} 21. Ng3 {[%clk 0:01:34]}  Bxc2 {[%clk 0:01:20]} 22. Rd2 {[%clk 0:01:34]}  Bh7 {[%clk 0:01:16]} 23. Be4 {[%clk 0:01:33]}  Bxe4 {[%clk 0:00:37]} 24. Qxe4 {[%clk 0:01:34]}  Qc8 {[%clk 0:00:34]} 25. Re1 {[%clk 0:01:23]}  Na6 {[%clk 0:00:33]} 26. Qxe6+ {[%clk 0:01:10]}  Qxe6 {[%clk 0:00:33]} 27. Rxe6 {[%clk 0:01:11]}  Kf7 {[%clk 0:00:28]} 28. Re1 {[%clk 0:01:06]}  Rfd8 {[%clk 0:00:23]} 29. Nf5 {[%clk 0:00:58]}  Bf8 {[%clk 0:00:22]} 30. Rde2 {[%clk 0:00:54]}  Re8 {[%clk 0:00:22]} 31. Rxe8 {[%clk 0:00:43]}  Rxe8 {[%clk 0:00:23]} 32. Rd1 {[%clk 0:00:42]}  Nc5 {[%clk 0:00:20]} 33. f3 {[%clk 0:00:40]}  Na4 {[%clk 0:00:19]} 34. Bd4 {[%clk 0:00:39]}  c5 {[%clk 0:00:16]} 35. Bf2 {[%clk 0:00:35]}  b6 {[%clk 0:00:14]} 36. b3 {[%clk 0:00:35]}  Nc3 {[%clk 0:00:14]} 37. Rd2 {[%clk 0:00:24]}  Re2 {[%clk 0:00:13]} 38. Rd8 {[%clk 0:00:14]}  Rxa2 {[%clk 0:00:09]} 39. g4 {[%clk 0:00:14]}  Ne2+ {[%clk 0:00:08]} 40. Kg2 {[%clk 0:00:13]}  Nd4 {[%clk 0:00:07]} 41. Nxd4 {[%clk 0:00:06]}  cxd4 {[%clk 0:00:07]} 42. Rd7+ {[%clk 0:00:02]}  Ke8 {[%clk 0:00:07]} 43. Rb7 {[%clk 0:00:02]}  d3 {[%clk 0:00:07]} 44. Kg3 {[%clk 0:00:01]}  Bc5 {[%clk 0:00:06]} 45. Rb8+ {[%clk 0:00:02]}  Kf7 {[%clk 0:00:06]} 46. Bxc5 {[%clk 0:00:03]}  bxc5 {[%clk 0:00:06]} 47. Rb7+ {[%clk 0:00:03]}  Kg6 {[%clk 0:00:05]} 48. Rd7 {[%clk 0:00:03]}  d2 {[%clk 0:00:05]} 49. h4 {[%clk 0:00:04]}  a5 {[%clk 0:00:05]} 50. f4 {[%clk 0:00:04]}  Kh7 {[%clk 0:00:05]} 51. g5 {[%clk 0:00:04]}  hxg5 {[%clk 0:00:05]} 52. hxg5 {[%clk 0:00:05]}  fxg5 {[%clk 0:00:06]} 53. fxg5 {[%clk 0:00:06]}  Kg6 {[%clk 0:00:06]} 54. Kg4 {[%clk 0:00:05]}  a4 {[%clk 0:00:06]} 55. Rd6+ {[%clk 0:00:06]}  Kh7 {[%clk 0:00:06]} 56. Kh5 {[%clk 0:00:06]}  Kg8 {[%clk 0:00:06]} 57. Kg6 {[%clk 0:00:05]}  Kf8 {[%clk 0:00:06]} 58. bxa4 {[%clk 0:00:04]}  Ke7 {[%clk 0:00:06]} 59. Rd5 {[%clk 0:00:04]}  c4 {[%clk 0:00:06]} 60. Kxg7 {[%clk 0:00:04]}  c3 {[%clk 0:00:06]} 61. g6 {[%clk 0:00:04]}  Rxa4 {[%clk 0:00:06]} 62. Kh7 {[%clk 0:00:01]}  Rh4+ {[%clk 0:00:05]} 63. Kg8 {[%clk 0:00:02]}  Rg4 {[%clk 0:00:06]} 64. g7 {[%clk 0:00:02]}  c2 {[%clk 0:00:05]} 65. Rxd2 {[%clk 0:00:02]}  Rxg7+ {[%clk 0:00:05]} 66. Kxg7 {[%clk 0:00:02]}  c1=Q {[%clk 0:00:06]} 67. Re2+ {[%clk 0:00:03]}  Kd6 {[%clk 0:00:06]} 68. Rg2 {[%clk 0:00:03]}  Ke5 {[%clk 0:00:06]} 69. Rf2 {[%clk 0:00:03]}  Qg5+ {[%clk 0:00:05]} 70. Kh7 {[%clk 0:00:03]}  Qh4+ {[%clk 0:00:05]} 71. Kg6 {[%clk 0:00:03]}  Qxf2 {[%clk 0:00:06]} 72. Kg5 {[%clk 0:00:03]}  Qf4+ {[%clk 0:00:07]} 73. Kg6 {[%clk 0:00:03]}  Qf5+ {[%clk 0:00:07]} 74. Kh6 {[%clk 0:00:03]}  Qg4 {[%clk 0:00:07]} 75. Kh7 {[%clk 0:00:04]}  Ke6 {[%clk 0:00:07]} 76. Kh8 {[%clk 0:00:05]}  Ke7 {[%clk 0:00:08]} 77. Kh7 {[%clk 0:00:05]}  Kf8 {[%clk 0:00:08]} 78. Kh6 {[%clk 0:00:06]}  Kf7 {[%clk 0:00:09]} 79. Kh7 {[%clk 0:00:07]}  Qg7# {[%clk 0:00:09]} 0-1

[Event "April 9 Late 2024"]
[Site "Chess.com"]
[Date "2024.04.09"]
[Round "8"]
[White "Play, Gilles"]
[Black "Yankelevich, Lev"]
[Result "1-0"]
[Board "55"]
[WhiteFideId "45130892"]
[BlackFideId "24684074"]
[BlackTitle "GM"]
[WhiteElo "2553"]
[BlackElo "2673"]
[WhiteTeam "FRA"]
[BlackTeam "GER"]
[WhiteClock "0:00:11"]
[BlackClock "0:00:00"]
[Variant "Standard"]

1. e4 {[%clk 0:03:00]}  e5 {[%clk 0:02:56]} 2. Nf3 {[%clk 0:02:57]}  Nc6 {[%clk 0:02:56]} 3. c3 {[%clk 0:02:58]}  Nf6 {[%clk 0:02:56]} 4. d4 {[%clk 0:02:58]}  Nxe4 {[%clk 0:02:57]} 5. d5 {[%clk 0:02:58]}  Bc5 {[%clk 0:02:57]} 6. dxc6 {[%clk 0:02:55]}  Bxf2+ {[%clk 0:02:57]} 7. Ke2 {[%clk 0:02:55]}  Bb6 {[%clk 0:02:58]} 8. Qd5 {[%clk 0:02:55]}  bxc6 {[%clk 0:02:29]} 9. Qxe4 {[%clk 0:02:46]}  O-O {[%clk 0:02:29]} 10. Qh4 {[%clk 0:02:10]}  f6 {[%clk 0:02:25]} 11. Be3 {[%clk 0:02:01]}  d5 {[%clk 0:02:22]} 12. Nbd2 {[%clk 0:01:36]}  c5 {[%clk 0:02:14]} 13. Re1 {[%clk 0:01:28]}  d4 {[%clk 0:02:09]} 14. Bf2 {[%clk 0:01:16]}  Bf5 {[%clk 0:02:05]} 15. Kd1 {[%clk 0:01:12]}  Ba5 {[%clk 0:01:43]} 16. Bc4+ {[%clk 0:00:45]}  Kh8 {[%clk 0:01:42]} 17. g4 {[%clk 0:00:39]}  Bg6 {[%clk 0:01:37]} 18. g5 {[%clk 0:00:36]}  Rb8 {[%clk 0:01:26]} 19. gxf6 {[%clk 0:00:27]}  gxf6 {[%clk 0:01:25]} 20. Rhg1 {[%clk 0:00:18]}  Bf5 {[%clk 0:01:08]} 21. Qh6 {[%clk 0:00:15]}  Qd7 {[%clk 0:01:09]} 22. Bh4 {[%clk 0:00:13]}  Qe7 {[%clk 0:00:13]} 23. Rxe5 {[%clk 0:00:13]}  dxc3 {[%clk 0:00:03]} 24. Rxe7 {[%clk 0:00:12]}  c2+ {[%clk 0:00:00]} 25. Kc1 {[%clk 0:00:11]} 1-0